000 00558nam a2200169 i 4500
001 102232
003 ES-MaACL
005 20230906183052.0
007 t|
008 051107s1968 es ||||1| spa d
100 1 _aMenén Desleal, Alvaro.
_980280
245 1 0 _aCiudad, casa de todos... /
_cAlvaro Menén Desleal.
260 _aSan Salvador, El Salvador :
_bMinisterio de Educación. Dirección de Publicaciones,
_c1968.
300 _a93 p. ;
_c21 cm.
710 1 _aEl Salvador.
_bMinisterio de Educación.
_93463
852 _aES-MaACL
_jC-46306
_bR.81516
999 _c102232
_d102232